000 01744nam0a22003371 4500
001 rc\2808329
005 20250529181126.0
035 _a(NLR Aleph) 006934211
090 _a7578978
_c7578978
100 _a20110915d1936 |||y0rusy50 ca
101 0 _arus
102 _aRU
105 _aace z |||||
200 1 _aХлопок-сырец
_eУтв. ГУУЗ НКЛП СССР в качестве учеб. пособия по техминимуму для работников хлопкозаготовительной системы
_fС. Ф. Григорьев, Г. А. Гузман, Д. В. Златовратский, А. Д. Андриевский, А. А. Файбышенко, Б. С. Тагиев
_gПод ред. С. А. Джанумяна
210 _aМосква
_aЛенинград
_cГизлегпром
_d1936
_e[Калуга]
_gтип. "Мособлполиграфа"
215 _aПереплет, 296 с., 1 вкл. л. портр.
_cил.
_d20х14 см.
225 1 _aУчебники по техминимуму
300 _aПеред загл.: С. Ф. Григорьев, Г. А. Гузман, Д. В. Златовратский, А. Д. Андриевский, А. А. Файбышенко, Б. С. Тагиев
702 1 _aАндриевский
_bА.Д.
_4570
702 1 _aФайбышенко
_bА.А.
_4570
702 1 _aТагиев
_bБ.С.
_4570
702 1 _aДжанумян
_bС.А.
_4340
702 1 _aЗлатовратский
_bД.В.
_4570
702 1 _aГригорьев
_bС.Ф.
_gСергей Филиппович
_4570
702 1 _aГузман
_bГ.А.
_4570
801 0 _aRU
_bNLR
_gpsbo
801 1 _aRU
_bELAR
_2rusmarc
852 _aNLR
_j36-3/1390
942 _cBOOK
980 _aNB